Marvel Strike Force - All Characters - Statistics

General Stats
  • This quiz has been taken 27 times
  • The average score is 136 of 313
Answer Stats
Answer % Correct
Iron Man
100%
Iron Man (Infinity War)
100%
Iron Man (Zombie)
100%
Spider Man
100%
Spider Man (Big Time)
100%
Spider Man (Miles)
100%
Spider Man (Noir)
100%
Spider Man (Pavitr)
100%
Spider Man (Symbiote)
100%
Captain America
90%
America Chavez
86%
Captain America (Sam)
86%
Captain America (WWII)
86%
Deadpool
86%
Hulk
86%
Ant Man
81%
Black Widow
81%
Mighty Thor
81%
Thanos
81%
Thanos (Endgame)
81%
Thor
81%
Thor (Infinity War)
81%
Doctor Strange
76%
Human Torch
76%
Loki
76%
Loki (Teen)
76%
The Thing
76%
Winter Soldier
76%
Wolverine
76%
Black Panther
71%
Black Panther (1MM)
71%
Black Panther (Shuri)
71%
Daredevil
71%
Doctor Doom
71%
Gamora
71%
Ghost
71%
Groot
71%
Hawkeye
71%
Invisible Woman
71%
Nick Fury
71%
Rocket Raccoon
71%
Star Lord
71%
Star Lord (Annihilation)
71%
Star Lord (T'Challa)
71%
Blade
67%
Captain Marvel
67%
Cyclops
67%
Doctor Octopus
67%
Falcon
67%
Punisher
67%
Red Hulk
67%
Scarlet Witch
67%
Ultron
67%
Venom
67%
War Machine
67%
Wasp
67%
Beast
62%
Bucky Barnes
62%
Colossus
62%
Drax
62%
Electro
62%
Elektra
62%
Falcon (Joaquin)
62%
Gambit
62%
Green Goblin
62%
Juggernaut
62%
Juggernaut (Zombie)
62%
Magneto
62%
Rogue
62%
Scarlet Witch (Zombie)
62%
She-Hulk
62%
Silver Surfer
62%
Storm
62%
Vision
62%
X-23
62%
Carnage
57%
Emma Frost
57%
Emma Frost (X-Men)
57%
Green Goblin (Classic)
57%
Jean Grey
57%
Moon Knight
57%
Mysterio
57%
Nebula
57%
Odin
57%
Ronin
57%
Shuri
57%
Vulture
57%
Bishop
52%
Black Bolt
52%
Cosmic Ghost Rider
52%
Deathpool
52%
Ebony Maw
52%
Ghost Rider
52%
Ghost Rider (Robbie)
52%
Gwenpool
52%
Hela
52%
Iceman
52%
Iron Fist
52%
Iron Fist (WWII)
52%
Ironheart
52%
Ironheart (MKII)
52%
Iron Patriot
52%
Jessica Jones
52%
Kang the Conqueror
52%
Killmonger
52%
Lizard
52%
Mantis
52%
Mister Fantastic
52%
Ms. Marvel
52%
Ms. Marvel (Classic)
52%
Ms. Marvel (Hard Light)
52%
Nightcrawler
52%
Phoenix
52%
Rhino
52%
Wong
52%
Abomination
48%
Adam Warlock
48%
Archangel
48%
Cable
48%
Corvus Glaive
48%
Heimdall
48%
Luke Cage
48%
Mystique
48%
Namor
48%
Proxima Midnight
48%
Quicksilver
48%
Red Guardian
48%
Red Skull
48%
Shang-Chi
48%
Yelena Belova
48%
Yondu
48%
Apocalypse
43%
Beta Ray Bill
43%
Black Knight
43%
Captain Britain
43%
Captain Carter
43%
Cosmo
43%
Dormammu
43%
Jubilee
43%
Kingpin
43%
Kitty Pryde
43%
Lady Deathstrike
43%
Maria Hill
43%
Negasonic
43%
Peggy Carter
43%
Psylocke
43%
Ronan the Accuser
43%
Sabretooth
43%
Shocker
43%
Sunspot
43%
Vahl
43%
Agatha Harkness
38%
Agent Coulson
38%
Agent Venom
38%
Anti-Venom
38%
Cloak
38%
Cull Obsidian
38%
Dagger
38%
Domino
38%
Gorr
38%
Hercules
38%
Kraven the Hunter
38%
Mister Sinister
38%
Morbius
38%
Okoye
38%
Omega Red
38%
Omega Red (Phoenix Force)
38%
Pandapool
38%
Peter B. Parker
38%
Pyro
38%
Rescue
38%
Sasquatch
38%
Sentinel
38%
Spider Woman
38%
Taskmaster
38%
Toad
38%
Valkyrie
38%
Ancient One
33%
Ares
33%
Black Cat
33%
Brawn
33%
Crystal
33%
Daken
33%
Forge
33%
Guardian
33%
Hank Pym
33%
Hulkbuster
33%
Kate Bishop
33%
Korg
33%
Magik
33%
Medusa
33%
Mockingbird
33%
Moondragon
33%
Mordo
33%
Nimrod
33%
Nova
33%
Old Man Logan
33%
Peni Parker
33%
Polaris
33%
Quake
33%
Scream
33%
Sharon Carter
33%
SHIELD Medic
33%
Sif
33%
Squirrel Girl
33%
The Leader
33%
Tigra
33%
Ultimus
33%
Absorbing Man
29%
AIM Researcher
29%
Blob
29%
Bullseye
29%
Crossbones
29%
Dazzler
29%
Echo
29%
Ghost Spider
29%
Ikaris
29%
Man Thing
29%
Mephisto
29%
Mister Negative
29%
Nakia
29%
Night Nurse
29%
Northstar
29%
Patriot
29%
Photon
29%
Scientist Supreme
29%
Spider Punk
29%
Super Skrull
29%
Sylvie
29%
U.S. Agent
29%
Viv Vision
29%
Void Knight
29%
White Tiger
29%
Yellowjacket
29%
Yo-Yo
29%
AIM Infector
24%
AIM Monstrosity
24%
AIM Security
24%
Dark Beast
24%
Darkhawk
24%
Elsa Bloodstone
24%
Gladiator
24%
Graviton
24%
Gwenom
24%
Kahhori
24%
Karnak
24%
Kestrel
24%
Knull
24%
Korath the Pursuer
24%
M'Baku
24%
Morgan Le Fay
24%
Multiple Man
24%
Omega Sentinel
24%
Phyla-Vell
24%
Red Goblin
24%
Scarlet Spider
24%
Sersi
24%
Shatterstar
24%
SHIELD Operative
24%
Silver Samurai
24%
Spider Slayer
24%
Spider Weaver
24%
Starbrand
24%
Stature
24%
Sunfire
24%
Swarm
24%
Union Jack
24%
AIM Assaulter
19%
Baron Zemo
19%
Colleen Wing
19%
Deathlok
19%
Fantomex
19%
Firestar
19%
Kree Cyborg
19%
Longshot
19%
Madelyne Pryor
19%
Mercenary Sniper
19%
Mercenary Soldier
19%
Misty Knight
19%
Moonstone
19%
Nico Minoru
19%
Nobu
19%
Oath
19%
Shadow King
19%
SHIELD Trooper
19%
Spider Man 2099
19%
Strange (Heartless)
19%
Titania
19%
Doctor Voodoo
14%
Hand Archer
14%
Hand Assassin
14%
Hand Sentry
14%
Hand Sorceress
14%
Hydra Scientist
14%
Hydra Sniper
14%
Kree Noble
14%
Kree Oracle
14%
Kree Reaper
14%
Kree Royal Guard
14%
Mercenary Lieutenant
14%
Nemesis
14%
Ravager Boomer
14%
Ravager Bruiser
14%
Ravager Stitcher
14%
SHIELD Assault
14%
Stryfe
14%
Hand Blademaster
10%
Hydra Armored Guard
10%
Hydra Grenadier
10%
Hydra Rifle Trooper
10%
Mercenary Riot Guard
10%
Minn-Erva
10%
SHIELD Security
10%
No matching quizzes found
Score Distribution
Percent of People with Each Score
Percentile by Number Answered
Your Score History
You have not taken this quiz